000 00285nam a22001337a 4500
008 170714b xxu||||| |||| 00| 0 eng d
020 _a9780394519333
041 _aeng
080 _a038
100 _a24
101 _aFJA
245 _aTHE RANDOM HOUSE
_cURDANG,L
942 _2udc
_cBK
999 _c20954
_d20954